000 02130cam a2200601 i 4500
001 45588
003 KOSZ 005
005 20260602102125.0
008 260529s2004 pl a f 000 0 pol
015 _aUWD 2006/18087
020 _a8390384906
035 _a991030757789705066
035 _a(PL-WaBN)b18284796-48omnis_nlop
035 _ab18284796
035 _a(OCoLC)749947845
035 _azz2005941064
035 _a(PL)b0000001828479
035 _a(EXLNZ-48OMNIS_NETWORK)9910156880305606
040 _aWA N
_cWA N
_dKOSZ 005/RW
046 _k2004
080 _a338.43(438:4-67)"1989/..."
245 0 0 _aPolska wieś po wejściu do Unii Europejskiej /
_c[zespół autorów Barbara Fedyszak-Radziejowska et al.].
260 _aWarszawa :
_bFundacja na Rzecz Rozwoju Polskiego Rolnictwa,
_c2004.
300 _a180 stron :
_bilustracje ;
_c24 cm.
336 _aTekst
_btxt
_2rdacontent
337 _aBez urządzenia pośredniczącego
_bn
_2rdamedia
338 _aWolumin
_bnc
_2rdacarrier
380 _aKsiążki
380 _aPublikacje naukowe
388 1 _a2001-
610 2 7 _aUnia Europejska (UE)
_2DBN
648 7 _a1901-2000
648 7 _a1989-2000
648 7 _a2001-
650 7 _aRolnictwo
_2DBN
650 7 _aWsie
_2DBN
651 7 _aPolska
_2DBN
655 7 _aPraca zbiorowa
655 7 _aRaport
658 _aRolnictwo i leśnictwo
700 1 _aFedyszak-Radziejowska, Barbara
_d(1949- )
_eAutor
700 1 _aFrenkel, Izasław
_d(1929-2020)
_eAutor
700 1 _aKlepacka-Kołodziejska, Dorota
_eAutor
700 1 _aLiro, Anna
_eAutor
700 1 _aMilczarek-Andrzejewska, Dominika
_eAutor
700 1 _aPoczta, Walenty
_d(1955- )
_eAutor
700 1 _aTabor, Stanisław
_eAutor
700 1 _aŻukowski, Tomasz
_eAutor
710 2 _aFundacja na Rzecz Rozwoju Polskiego Rolnictwa
_4pbl
856 _uhttps://koha.tu.koszalin.pl/cgi-bin/koha/opac-detail.pl?biblionumber=45588
_yKatalog online BPK
942 _2UKD
_cKS
999 _c45588
_d45588